Central Library || Chittagong University

Modern philosophies of education (Record no. 111098)

MARC details
000 -LEADER
fixed length control field 00542nam a2200229 454500
001 - CONTROL NUMBER
control field 048617
003 - CONTROL NUMBER IDENTIFIER
control field BD-ChCU
005 - DATE AND TIME OF LATEST TRANSACTION
control field 20260118090306.0
008 - FIXED-LENGTH DATA ELEMENTS--GENERAL INFORMATION
fixed length control field 260118 Eng
020 ## - INTERNATIONAL STANDARD BOOK NUMBER
International Standard Book Number x
040 ## - CATALOGING SOURCE
Original cataloging agency DLC
Transcribing agency DLC
Modifying agency BD-ChCU
082 00 - DEWEY DECIMAL CLASSIFICATION NUMBER
Classification number 370.1/BRM
100 1# - MAIN ENTRY--PERSONAL NAME
Personal name Brubacher, John S.
Numeration x
245 10 - TITLE STATEMENT
Title Modern philosophies of education
Remainder of title x
250 ## - EDITION STATEMENT
Edition statement 4ed
260 ## - PUBLICATION, DISTRIBUTION, ETC.
Place of publication, distribution, etc. Bombay:
Name of publisher, distributor, etc. tata McGraw - Hill,
Date of publication, distribution, etc. 1962
300 ## - PHYSICAL DESCRIPTION
Extent ix, 393p
504 ## - BIBLIOGRAPHY, ETC. NOTE
Bibliography, etc. note x
650 #0 - SUBJECT ADDED ENTRY--TOPICAL TERM
Topical term or geographic name entry element Education- Philosophy
Topical term following geographic name entry element Education- Philosophy
700 1# - ADDED ENTRY--PERSONAL NAME
Personal name x
942 ## - ADDED ENTRY ELEMENTS (KOHA)
Source of classification or shelving scheme Dewey Decimal Classification
Koha item type Books
Suppress in OPAC No
Holdings
Withdrawn status Lost status Source of classification or shelving scheme Damaged status Not for loan Home library Current library Shelving location Date acquired Source of acquisition Total Checkouts Full call number Barcode Date last seen Copy number Price effective from Koha item type Total Renewals Date last checked out
    Dewey Decimal Classification     Chittagong University Library Chittagong University Library Business and Social Science Reading Room 01/18/2026 purchase   370.1/BRM 94305 01/18/2026 1 01/18/2026 Books    
    Dewey Decimal Classification     Chittagong University Library Chittagong University Library Business and Social Science Reading Room 01/18/2026 purchase 1 370.1/BRM 94306 03/09/2026 2 01/18/2026 Books 1 01/20/2026
    Dewey Decimal Classification     Chittagong University Library Chittagong University Library Business and Social Science Reading Room 01/18/2026 purchase   370.1/BRM 94039 01/18/2026 3 01/18/2026 Books    
© Copyright 2026. Chittagong University Library, Installation and Maintenance by Prof. Dr. Md. Alamgir, 01711306253